00695 2200253 4500001002100000005001700021008004100038020001800079035002400097090001700121100002400138245006000162250001000222260004100232300003900273500003100312650002300343850001500366980001500381985000600396986000900402999001500411999001500426YOGYA-0209000003713820090227025221.0 ind  a979-3654-09-0 0010-020900000037138 a340.2bSuh P aSUHERMAN, Ade Maman aPengantar perbandingan sistem hukumcAde Maman Suherman aCet.1 aJakartabRaja Grafindo Persadac2004 axviii, 362 hlmbilus., lampc20 cm aBibliografi : hlm. 275-283 aPerbandingan hukum aYOPDYOG(B) a04-17-2006 a2 aMrbd a05B0010855 a05B0010856